Văn kiện Đại hội đại biểu toàn quốc lần thứ IX

Guardat en:
Dades bibliogràfiques
Autor corporatiu: Đảng Cộng sản Việt Nam
Format: Llibre
Idioma:Vietnamese
Publicat: H. Chính trị Quốc gia 2001
Matèries:
Etiquetes: Afegir etiqueta
Sense etiquetes, Sigues el primer a etiquetar aquest registre!
Thư viện lưu trữ: Mạng thư viện Đại học Đà Nẵng
LEADER 01085nam a2200313 4500
001 000007629
003 3792
005 20120521140515.0
008 111010s2001 viesd
020 |c 14000đ 
041 0 |a vie 
082 |a 324.2597071  |b ĐAN 
110 |a Đảng Cộng sản Việt Nam 
245 0 |a Văn kiện Đại hội đại biểu toàn quốc lần thứ IX  |c Đảng Cộng sản Việt Nam 
260 |a H.  |b Chính trị Quốc gia  |c 2001 
300 |a 352 tr  |c 19 cm 
653 |a Văn kiện 
653 |a Đại hội IX của Đảng 
910 |a Nguyễn Thị Kim Oanh  |d 10/10/2011 
OWN |a LSP 
AVA |a UDN50  |b LSP  |d 324.2597071 ĐAN  |e available  |t Error 5001 Not defined in file expand_doc_bib_avail.  |f 2  |g 0  |h N  |i 1  |k 1 
999 |a From the UDN01 
AVA |a UDN50  |b LSP  |d 324.2597071 ĐAN  |e available  |t Error 5001 Not defined in file expand_doc_bib_avail.  |f 2  |g 0  |h N  |i 1  |k 1 
TYP |a Monograph 
TYP |a Printed language 
980 |a Mạng thư viện Đại học Đà Nẵng